Countries That Most MLB Players Come From - Statistics

General Stats
  • This quiz has been taken 42 times
  • The average score is 14 of 20
Answer Stats
% Country % Correct
74.36 USA
100%
10.26 Dominican Republic
97%
1.28 Mexico
97%
1.15 Canada
95%
2.18 Cuba
89%
0.90 Japan
89%
6.92 Venezuela
84%
0.13 Australia
79%
0.77 Colombia
76%
0.26 South Korea
76%
0.13 Panama
63%
0.13 Bahamas
61%
0.13 Germany
61%
0.13 Nicaragua
55%
0.13 Taiwan
55%
0.13 Peru
50%
0.13 Honduras
47%
0.13 Netherlands
47%
0.64 Curacao
34%
0.13 Aruba
16%
No matching quizzes found
Score Distribution
Percent of People with Each Score
Percentile by Number Answered
Your Score History
You have not taken this quiz